000 00719nam a22001937a 4500
005 20251108164946.0
008 250721s1992 xx 000 0 ara d
082 1 4 _a657.3/عبد
100 1 _aمرعي، عبد الحي
245 1 0 _aالمعلومات المحاسبية و بحوث العمليات في إتخاذ القرارات /
264 1 _aالإسكندريه :
_bجامعة الإسكندرية - كلية التجارة - قسم المحاسبة،
_c1992.
300 _a667ص
650 1 7 _aالمحاسبة
650 1 7 _aالمحاسبة الإدارية
650 1 7 _aالقرارات الإدارية
700 1 _aجمعه، إسماعيل إبراهيم
942 _2ddc
_cBK
999 _c18423
_d18423